Virtual lab based real-time data acquisition, measurement and monitoring platform for solar photovoltaic module; Resource-Efficient Technologies; Vol. 3, iss. 4

Dades bibliogràfiques
Parent link:Resource-Efficient Technologies: electronic scientific journal/ National Research Tomsk Polytechnic University (TPU).— , 2015-.— 2405-6537
Vol. 3, iss. 4.— 2017.— [P. 446-451]
Altres autors: Amit Kumar Rohit, Amit Tomar, Anurag Kumar, Saroj Rangnekar
Sumari:Title screen
The work presents real-time data acquisition and monitoring of solar photovoltaic modules using LabVIEW. A graphical program has been developed to obtain efficiency and fill factor of solar PV module. A front panel is designed, displaying all the acquired data such as; voltage, current, solar radiation, ambient temperature, humidity, Current vs. Voltage and Power vs. Voltage graphs which make it very useful to understand the performance behavior of the solar photovoltaic module in real time. Data acquisition and monitoring for solar panels of different ratings are carried out. This tool is an effective platform for experimental study in the laboratory of different solar photovoltaic modules with access to real-time data.
Idioma:anglès
Publicat: 2017
Matèries:
Accés en línia:http://earchive.tpu.ru/handle/11683/50327
Format: Electrònic Capítol de llibre
KOHA link:https://koha.lib.tpu.ru/cgi-bin/koha/opac-detail.pl?biblionumber=575711

MARC

LEADER 00000naa2a2200000 4500
001 575711
005 20231101130139.0
035 |a (RuTPU)RU\TPU\prd\274702 
035 |a RU\TPU\prd\274701 
090 |a 575711 
100 |a 20171219a2017 k y0rusy50 ba 
101 0 |a eng 
102 |a RU 
135 |a drcn ---uucaa 
200 1 |a Virtual lab based real-time data acquisition, measurement and monitoring platform for solar photovoltaic module  |b Electronic resource  |f Amit Kumar Rohit [et al.] 
203 |a Text  |c electronic 
300 |a Title screen 
320 |a [References: p. 451 (15 tit.)] 
330 |a The work presents real-time data acquisition and monitoring of solar photovoltaic modules using LabVIEW. A graphical program has been developed to obtain efficiency and fill factor of solar PV module. A front panel is designed, displaying all the acquired data such as; voltage, current, solar radiation, ambient temperature, humidity, Current vs. Voltage and Power vs. Voltage graphs which make it very useful to understand the performance behavior of the solar photovoltaic module in real time. Data acquisition and monitoring for solar panels of different ratings are carried out. This tool is an effective platform for experimental study in the laboratory of different solar photovoltaic modules with access to real-time data. 
461 1 |0 (RuTPU)RU\TPU\prd\247369  |x 2405-6537  |t Resource-Efficient Technologies  |o electronic scientific journal  |f National Research Tomsk Polytechnic University (TPU)  |d 2015- 
463 1 |0 (RuTPU)RU\TPU\prd\274690  |t Vol. 3, iss. 4  |v [P. 446-451]  |d 2017 
610 1 |a труды учёных ТПУ 
610 1 |a электронный ресурс 
610 1 |a characteristics 
610 1 |a sensors 
610 1 |a программное обеспечение 
610 1 |a LabVIEW 
610 1 |a характеристики 
701 0 |a Amit Kumar Rohit 
701 0 |a Amit Tomar 
701 0 |a Anurag Kumar 
701 0 |a Saroj Rangnekar 
801 1 |a RU  |b 63413507  |c 20090623  |g PSBO 
801 2 |a RU  |b 63413507  |c 20180831  |g PSBO 
856 4 |u http://earchive.tpu.ru/handle/11683/50327 
942 |c BK